[Event "FIRST SATURDAY IM  MARCH 2013"]
[Site "Budapest"]
[Date "2012.02.02"]
[Round "1.1"]
[White "Wittmann, Walter"]
[Black "Keschitz, Gyorgy"]
[Result "1-0"]
[WhiteElo "2240"]
[BlackElo "2223"]
[PlyCount "73"]
[EventDate "2012.02.02"]

1. e4 c5 2. Nf3 Nc6 3. d4 cxd4 4. Nxd4 g6 5. Nc3 Bg7 6. Be3 Nf6 7. Bc4 Qa5 8.
O-O O-O 9. Nb3 Qc7 10. Bg5 Ng4 11. Qxg4 Bxc3 12. bxc3 d5 13. Qe2 dxc4 14. Qxc4
Be6 15. Qc5 b6 16. Qe3 Bc4 17. Rfd1 f6 18. Bh4 e5 19. Rd2 Rad8 20. Rad1 Rxd2
21. Rxd2 Qe7 22. h3 Kg7 23. Bg3 g5 24. h4 h6 25. Qf3 Rd8 26. Qd1 Rxd2 27. Qxd2
Nd8 28. f3 Nf7 29. Bf2 Qa3 30. Qd7 Qxa2 31. Nd2 Be6 32. Qe7 Qxc2 33. Nf1 Qa2
34. Ng3 gxh4 35. Nh5+ Kg6 36. Nxf6 h3 37. Ne8 1-0

[Event "FIRST SATURDAY IM  MARCH 2013"]
[Site "Budapest"]
[Date "2012.02.02"]
[Round "1.2"]
[White "Petran, Pal"]
[Black "Szalanczy, Emil"]
[Result "0-1"]
[WhiteElo "2320"]
[BlackElo "2237"]
[PlyCount "67"]
[EventDate "2012.02.02"]

1. Nf3 c5 2. e3 Nf6 3. d4 d6 4. c4 Nbd7 5. Nc3 g6 6. Be2 Bg7 7. O-O O-O 8. h3
a6 9. a4 Re8 10. Re1 Qc7 11. Bf1 e6 12. e4 cxd4 13. Nxd4 Ne5 14. b3 Bd7 15. Be3
Rac8 16. Rc1 Red8 17. Qd2 Be8 18. Bg5 Qb6 19. Red1 Ned7 20. Rb1 Qa5 21. Rdc1
Qb6 22. Be3 Qc7 23. f3 Nc5 24. Qf2 h6 25. Rd1 Qe7 26. Nc2 g5 27. e5 Nfd7 28.
exd6 Qf6 29. Bd4 e5 30. b4 Nxa4 31. Nxa4 exd4 32. c5 b6 33. Bxa6 bxc5 34. bxc5
0-1

[Event "FIRST SATURDAY IM  MARCH 2013"]
[Site "Budapest"]
[Date "2012.02.02"]
[Round "1.3"]
[White "To, Nhat Minh"]
[Black "Szeberenyi, Adam"]
[Result "1-0"]
[WhiteElo "2272"]
[BlackElo "2319"]
[PlyCount "73"]
[EventDate "2012.02.02"]

1. e4 c5 2. c3 Nf6 3. e5 Nd5 4. Nf3 d6 5. exd6 e6 6. d4 cxd4 7. Nxd4 Qxd6 8.
Be2 Be7 9. O-O O-O 10. c4 Nb4 11. a3 N4c6 12. Nb5 Qxd1 13. Rxd1 Nd7 14. Be3 Bc5
15. b4 Bxe3 16. fxe3 a5 17. Nd6 Nde5 18. b5 Ne7 19. Nc3 Nf5 20. Kf2 Nxd6 21.
Rxd6 f5 22. Na4 Nf7 23. Rdd1 e5 24. Nb6 Rb8 25. c5 Re8 26. Bc4 Be6 27. Bxe6
Rxe6 28. Rac1 Ree8 29. Ke2 e4 30. Nc4 Ne5 31. Nxa5 Nd3 32. Rc3 Rec8 33. c6 bxc6
34. Nxc6 Kf8 35. a4 Rb6 36. Rb1 Ne5 37. Nxe5 1-0

[Event "FIRST SATURDAY IM  MARCH 2013"]
[Site "Budapest"]
[Date "2012.02.02"]
[Round "1.4"]
[White "Bai, Jinshi"]
[Black "Dolgener, Tobias"]
[Result "1-0"]
[WhiteElo "2236"]
[BlackElo "2220"]
[PlyCount "71"]
[EventDate "2012.02.02"]

1. d4 Nf6 2. c4 g6 3. Nc3 d5 4. Nf3 Bg7 5. Qb3 dxc4 6. Qxc4 O-O 7. e4 Na6 8.
Be2 c5 9. d5 e6 10. O-O exd5 11. exd5 Re8 12. Bf4 Bf5 13. Rad1 Ne4 14. Nb5 g5
15. Be3 h6 16. Bd3 Nd6 17. Nxd6 Bxd3 18. Rxd3 Qxd6 19. h4 b5 20. Qxb5 g4 21.
Nd2 Rab8 22. Qa4 Nb4 23. Nc4 Qd8 24. Rd2 Qxh4 25. g3 Qh5 26. Rfd1 Re4 27. Qxa7
Rd8 28. Qc7 Rxd5 29. Rxd5 Nxd5 30. Qd8+ Kh7 31. Rxd5 Qg6 32. Rd6 Qf5 33. Nd2
Ra4 34. Qd7 Qc2 35. Qxf7 Qxb2 36. Bxh6 1-0

[Event "FIRST SATURDAY IM  MARCH 2013"]
[Site "Budapest"]
[Date "2012.02.02"]
[Round "1.5"]
[White "Balint, Vilmos"]
[Black "Zhou, Guijue"]
[Result "1-0"]
[WhiteElo "2240"]
[BlackElo "2194"]
[PlyCount "143"]
[EventDate "2012.02.02"]

1. e4 d6 2. d4 g6 3. Bc4 Bg7 4. Ne2 a6 5. a4 e6 6. Nbc3 Ne7 7. Be3 b6 8. Qd2 d5
9. Bb3 dxe4 10. Nxe4 Bb7 11. f3 Nf5 12. Bg5 f6 13. g4 Nd6 14. Bh6 Nxe4 15. fxe4
Bxh6 16. Qxh6 Bxe4 17. Rf1 Qe7 18. O-O-O Bd5 19. Bxd5 exd5 20. Nf4 Qf7 21.
Rde1+ Kd8 22. Ne6+ Kc8 23. Ng5 Qd7 24. Rxf6 Kb7 25. Rf7 Qxa4 26. Qg7 Rc8 27.
Ree7 a5 28. Qe5 Qc6 29. Ne6 Na6 30. Rd7 a4 31. Rd6 Qc4 32. Qxd5+ Qxd5 33. Rxd5
Re8 34. Re5 Kc6 35. Rf6 Kb7 36. Rf7 Kc6 37. Rf6 Kb7 38. d5 Nc5 39. Nxc5+ bxc5
40. Rxe8 Rxe8 41. Rf7 h5 42. gxh5 gxh5 43. d6 Rd8 44. dxc7 Rd5 45. Rh7 c4 46.
c3 Rb5 47. Kc2 Kc8 48. h3 Kb7 49. c8=Q+ Kxc8 50. Ra7 Rc5 51. Rxa4 Kb7 52. Kd2
Kb6 53. Rb4+ Kc6 54. Ke3 Kd5 55. Kf4 Ra5 56. h4 Kc5 57. Kg5 Kd6+ 58. Kg6 Rc5
59. Rb8 Re5 60. Rd8+ Kc6 61. Rd2 Kc5 62. Rf2 Kd6 63. Rf6+ Kd7 64. Rf5 Re2 65.
Rb5 Kc6 66. Rb4 Kc5 67. Kxh5 Rg2 68. Kh6 Rg4 69. h5 Kd6 70. Kh7 Ke7 71. h6 Kf8
72. b3 1-0

[Event "FIRST SATURDAY IM  MARCH 2013"]
[Site "Budapest"]
[Date "2013.02.04"]
[Round "2.1"]
[White "Keschitz, Gyorgy"]
[Black "Zhou, Guijue"]
[Result "1-0"]
[WhiteElo "2223"]
[BlackElo "2194"]
[PlyCount "67"]
[EventDate "2012.02.02"]

1. Nf3 g6 2. g3 Bg7 3. Bg2 c5 4. d3 Nc6 5. O-O e5 6. c3 Nge7 7. a4 O-O 8. Na3
d5 9. e4 h6 10. exd5 Nxd5 11. Re1 Bf5 12. Nc4 Re8 13. a5 Qd7 14. Nh4 Be6 15.
Qa4 Nde7 16. Be3 g5 17. Nf3 Qxd3 18. Nfd2 Qg6 19. a6 Bxc4 20. axb7 Rab8 21.
Nxc4 f5 22. Bxc5 e4 23. Rad1 g4 24. Rd6 Qf7 25. Bf1 Rxb7 26. Rxc6 Nxc6 27. Qxc6
Rc7 28. Qa4 Rd8 29. Bd6 Rcc8 30. Bf4 Qe7 31. Ra1 Rd7 32. Qa6 Rcd8 33. Ne3 Qf8
34. Ra5 1-0

[Event "FIRST SATURDAY IM  MARCH 2013"]
[Site "Budapest"]
[Date "2013.02.04"]
[Round "2.2"]
[White "Dolgener, Tobias"]
[Black "Balint, Vilmos"]
[Result "0-1"]
[WhiteElo "2220"]
[BlackElo "2240"]
[PlyCount "122"]
[EventDate "2012.02.02"]

1. e4 e5 2. Nf3 Nc6 3. Bb5 Nf6 4. O-O Bc5 5. Bxc6 dxc6 6. Nxe5 Nxe4 7. Qe2 Qd5
8. Nd3 O-O 9. Nxc5 Nxc5 10. Nc3 Qf5 11. d3 Ne6 12. Be3 c5 13. f4 h5 14. Ne4 Re8
15. Ng3 Nd4 16. Qf2 Qg4 17. h3 Qg6 18. Bxd4 cxd4 19. f5 Qg5 20. Ne4 Qd8 21. f6
g6 22. Qf4 Re6 23. Rae1 b6 24. Ng5 Re8 25. Nxf7 Kxf7 26. Qh6 Rxe1 27. Qg7+ Ke6
28. Rxe1+ Kd6 29. f7 Be6 30. Qxd4+ Ke7 31. Qg7 Qf8 32. Qxg6 Qxf7 33. Qe4 Rf8
34. d4 Kd7 35. b3 Bd5 36. Qh4 Qg7 37. Re2 Qf7 38. Kh2 Re8 39. Rxe8 Qxe8 40. c4
Be4 41. g4 Qg6 42. Qxh5 Qd6+ 43. Qe5 Qxe5+ 44. dxe5 Ke6 45. Kg3 Kxe5 46. Kh4
Bb1 47. g5 Bxa2 48. Kh5 Bxb3 49. Kh6 a5 50. h4 a4 51. g6 a3 52. g7 Bxc4 53. Kh7
a2 54. h5 a1=Q 55. h6 Qa8 56. Kg6 Qg8 57. h7 Bd3+ 58. Kh6 Qxh7+ 59. Kg5 Qg6+
60. Kh4 Kf4 61. g8=Q Qh6# 0-1

[Event "FIRST SATURDAY IM  MARCH 2013"]
[Site "Budapest"]
[Date "2013.02.04"]
[Round "2.3"]
[White "Szeberenyi, Adam"]
[Black "Bai, Jinshi"]
[Result "1/2-1/2"]
[WhiteElo "2319"]
[BlackElo "2236"]
[PlyCount "71"]
[EventDate "2012.02.02"]

1. d4 d5 2. c4 c6 3. Nf3 Nf6 4. e3 e6 5. Nc3 Nbd7 6. Qc2 Bd6 7. Bd3 O-O 8. O-O
dxc4 9. Bxc4 b5 10. Be2 Bb7 11. Rd1 Qc7 12. a3 a5 13. e4 e5 14. g3 Rfe8 15.
dxe5 Nxe5 16. Bg5 Nfg4 17. Nxe5 Nxe5 18. Rac1 Rac8 19. Qd2 Bc5 20. Be3 Bxe3 21.
Qxe3 Qe7 22. f4 Ng6 23. e5 f5 24. Bd3 Qf7 25. a4 b4 26. Ne4 fxe4 27. Bc4 Re6
28. Qb6 Rce8 29. Bxe6 Qxe6 30. Qxb7 Nxf4 31. Rxc6 Nh3+ 32. Kg2 Qg4 33. Qd7 Nf4+
34. Kg1 Nh3+ 35. Kg2 Nf4+ 36. Kg1 1/2-1/2

[Event "FIRST SATURDAY IM  MARCH 2013"]
[Site "Budapest"]
[Date "2013.02.04"]
[Round "2.4"]
[White "Szalanczy, Emil"]
[Black "To, Nhat Minh"]
[Result "1/2-1/2"]
[WhiteElo "2237"]
[BlackElo "2272"]
[PlyCount "85"]
[EventDate "2012.02.02"]

1. e4 c5 2. Nf3 Nc6 3. d4 cxd4 4. Nxd4 Nf6 5. Nc3 e5 6. Ndb5 d6 7. Be3 a6 8.
Na3 Rb8 9. Nd5 Nxd5 10. exd5 Ne7 11. b4 Nf5 12. Bd2 Qh4 13. Bd3 Qd4 14. O-O
Qxd5 15. f4 g6 16. fxe5 dxe5 17. Bc3 Bc5+ 18. Kh1 Bd4 19. Bc4 Qe4 20. Bd3 Qh4
21. Bxd4 Ng3+ 22. Kg1 Qxd4+ 23. Rf2 Nh5 24. Qe1 Be6 25. Rd1 Qg4 26. Qxe5 Qxd1+
27. Rf1 Qxf1+ 28. Bxf1 O-O 29. Nc4 Bxc4 30. Bxc4 Rbd8 31. Bd3 Rfe8 32. Qc7 Rd4
33. g3 b5 34. Qc5 Red8 35. a3 Nf6 36. Kg2 Kg7 37. Qb6 R8d6 38. Qc5 h5 39. h3
Nd7 40. Qc3 Ne5 41. Be2 f6 42. Kf2 Nc4 43. a4 1/2-1/2

[Event "FIRST SATURDAY IM  MARCH 2013"]
[Site "Budapest"]
[Date "2013.02.04"]
[Round "2.5"]
[White "Wittmann, Walter"]
[Black "Petran, Pal"]
[Result "0-1"]
[WhiteElo "2240"]
[BlackElo "2320"]
[PlyCount "48"]
[EventDate "2012.02.02"]

1. e4 e5 2. Nf3 Nc6 3. Bb5 a6 4. Bxc6 dxc6 5. O-O f6 6. d4 Bg4 7. dxe5 Qxd1 8.
Rxd1 fxe5 9. Nbd2 O-O-O 10. Re1 Re8 11. h3 Bh5 12. g4 Bf7 13. b3 Nf6 14. Bb2
Bd6 15. Rad1 Rhf8 16. Kg2 Nd7 17. Nf1 Bg8 18. Ng3 g6 19. Bc1 b5 20. Bh6 Rf6 21.
Ng5 Bf8 22. Bxf8 Rexf8 23. Re2 h6 24. Nf3 Rxf3 0-1

[Event "FIRST SATURDAY IM  MARCH 2013"]
[Site "Budapest"]
[Date "2013.02.05"]
[Round "3.1"]
[White "Petran, Pal"]
[Black "Keschitz, Gyorgy"]
[Result "1-0"]
[WhiteElo "2320"]
[BlackElo "2223"]
[PlyCount "121"]
[EventDate "2012.02.02"]

1. Nf3 Nf6 2. c4 g6 3. Nc3 Bg7 4. e4 d6 5. d4 O-O 6. Be2 c6 7. O-O a6 8. h3 b5
9. a3 Nbd7 10. Be3 Bb7 11. Qc2 e5 12. dxe5 dxe5 13. c5 Qe7 14. b4 a5 15. Nd2 a4
16. Rfd1 Ba6 17. Nf1 Rfc8 18. Nh2 Rc7 19. Rd6 Nf8 20. Rad1 Bc8 21. Nf3 Be6 22.
Qb1 Bb3 23. Rc1 Ne8 24. Rd2 Rd8 25. Rxd8 Qxd8 26. Nd2 Be6 27. Rd1 Qb8 28. Qc1
f5 29. f3 f4 30. Bf2 Bf6 31. Ndb1 Bb3 32. Rd3 Qc8 33. Nd2 Be6 34. Nd5 cxd5 35.
exd5 Bf5 36. Ne4 Bxe4 37. fxe4 Nd6 38. Bf3 h5 39. Qf1 Nc4 40. Rc3 Qa6 41. Qd3
Nd7 42. Be2 Kg7 43. Qc2 Be7 44. Bxc4 bxc4 45. d6 Bxd6 46. cxd6 Qxd6 47. Rxc4
Rxc4 48. Qxc4 Qd1+ 49. Kh2 Qd2 50. Kg1 g5 51. Qe6 g4 52. hxg4 Qd1+ 53. Kh2 hxg4
54. g3 Nf6 55. Qxe5 f3 56. Qg5+ Kf7 57. e5 Nd5 58. e6+ Kxe6 59. Qxg4+ Kf7 60.
Qf5+ Nf6 61. g4 1-0

[Event "FIRST SATURDAY IM  MARCH 2013"]
[Site "Budapest"]
[Date "2013.02.05"]
[Round "3.2"]
[White "To, Nhat Minh"]
[Black "Wittmann, Walter"]
[Result "1/2-1/2"]
[WhiteElo "2272"]
[BlackElo "2240"]
[PlyCount "34"]
[EventDate "2012.02.02"]

1. e4 c5 2. c3 d5 3. exd5 Qxd5 4. d4 Nf6 5. Nf3 Nc6 6. Be3 Ng4 7. Nbd2 Nxe3 8.
fxe3 e6 9. Bc4 Qd8 10. O-O Be7 11. Qe2 O-O 12. a3 b6 13. b4 cxb4 14. cxb4 Bb7
15. Rac1 a5 16. b5 Nb8 17. a4 Nd7 1/2-1/2

[Event "FIRST SATURDAY IM  MARCH 2013"]
[Site "Budapest"]
[Date "2013.02.05"]
[Round "3.3"]
[White "Bai, Jinshi"]
[Black "Szalanczy, Emil"]
[Result "0-1"]
[WhiteElo "2236"]
[BlackElo "2237"]
[PlyCount "128"]
[EventDate "2012.02.02"]

1. d4 c5 2. d5 e6 3. c4 exd5 4. cxd5 g6 5. Nc3 Bg7 6. e4 d6 7. Bd3 Nh6 8. Bf4
Ng4 9. Bb5+ Bd7 10. Bxd7+ Qxd7 11. Nf3 b5 12. Qe2 b4 13. Nb5 Ne5 14. Bxe5 dxe5
15. a3 O-O 16. O-O a5 17. a4 Qg4 18. h3 Qh5 19. Nc7 Ra7 20. d6 Nd7 21. Qb5 Rd8
22. Rad1 Bf8 23. Rd5 Qh6 24. Nxe5 Nxe5 25. Rxe5 Qf4 26. Re8 Qxd6 27. Rxd8 Qxd8
28. Nd5 Ra8 29. Rd1 Rc8 30. Qa6 Kg7 31. b3 Be7 32. Rd3 c4 33. bxc4 Bc5 34. Rf3
Rb8 35. Qc6 Qd6 36. Qxd6 Bxd6 37. Rb3 Rc8 38. Ne3 Bf4 39. Nd5 Be5 40. Ne3 Bd4
41. Rd3 Bxe3 42. fxe3 Rxc4 43. Kh2 Rxe4 44. Kg3 h5 45. Kf3 Rc4 46. e4 h4 47.
Ke3 Kf6 48. Rd5 b3 49. Rb5 Rxa4 50. Rxb3 Rb4 51. Rc3 Rb6 52. Kf4 a4 53. Kg4 Ra6
54. Rf3+ Ke6 55. Ra3 Ke5 56. Kxh4 f6 57. Kg4 Kxe4 58. h4 Ra5 59. g3 Kd4 60. Kf4
Kc4 61. g4 g5+ 62. Kg3 gxh4+ 63. Kxh4 Kb4 64. Rf3 a3 0-1

[Event "FIRST SATURDAY IM  MARCH 2013"]
[Site "Budapest"]
[Date "2013.02.05"]
[Round "3.4"]
[White "Balint, Vilmos"]
[Black "Szeberenyi, Adam"]
[Result "0-1"]
[WhiteElo "2240"]
[BlackElo "2319"]
[PlyCount "106"]
[EventDate "2012.02.02"]

1. e4 c5 2. Nf3 e6 3. Nc3 a6 4. d4 cxd4 5. Nxd4 Qc7 6. Nb3 Nf6 7. Qf3 Nc6 8.
Bg5 Ne5 9. Qg3 Bb4 10. Bd2 O-O 11. O-O-O b5 12. Be2 Bb7 13. Bh6 Ne8 14. Bd2 Rc8
15. a3 Bxc3 16. Bxc3 Bxe4 17. Rd2 Nc4 18. Bxc4 Qxg3 19. fxg3 bxc4 20. Na5 Bd5
21. Bb4 d6 22. Rhd1 f5 23. Rxd5 exd5 24. Rxd5 f4 25. Be1 fxg3 26. Bxg3 Rf1+ 27.
Kd2 Rg1 28. Rd4 Rxg2+ 29. Kc3 Re2 30. Nxc4 d5 31. Rxd5 Nf6 32. Rd4 Ne4+ 33. Kd3
Nxg3 34. hxg3 Rg2 35. g4 Rg3+ 36. Ne3 Re8 37. Re4 Kf7 38. b4 Rxe4 39. Kxe4 Rg1
40. a4 g6 41. b5 Ke6 42. c4 Ra1 43. Kd4 Rxa4 44. b6 Kd6 45. Nd5 Kc6 46. g5 Ra1
47. Nf6 a5 48. Nxh7 a4 49. Nf6 a3 50. Nd5 a2 51. Nb4+ Kxb6 52. Nxa2 Rxa2 53.
Ke5 Rf2 0-1

[Event "FIRST SATURDAY IM  MARCH 2013"]
[Site "Budapest"]
[Date "2013.02.05"]
[Round "3.5"]
[White "Zhou, Guijue"]
[Black "Dolgener, Tobias"]
[Result "1/2-1/2"]
[WhiteElo "2194"]
[BlackElo "2220"]
[PlyCount "80"]
[EventDate "2012.02.02"]

1. e4 c5 2. Nf3 Nc6 3. Bb5 g6 4. Bxc6 dxc6 5. d3 Bg7 6. O-O e5 7. Be3 b6 8. Qd2
h6 9. a4 a5 10. Na3 Be6 11. Qc3 Qc7 12. Nh4 g5 13. Nf3 Ne7 14. Qd2 Rd8 15. Qe2
Ng6 16. Rfd1 O-O 17. c3 Rfe8 18. Nc2 f5 19. exf5 Bxf5 20. Nfe1 Nf4 21. Qf1 Qf7
22. b4 axb4 23. cxb4 cxb4 24. Bxb6 b3 25. Ne3 Rb8 26. a5 Nd5 27. Nxd5 Qxd5 28.
Rab1 c5 29. Qe2 Rxb6 30. axb6 Rb8 31. g3 Rxb6 32. f3 Qd4+ 33. Qf2 c4 34. dxc4
Qxf2+ 35. Kxf2 Bf6 36. Rb2 Rb4 37. c5 e4 38. fxe4 Rxe4 39. Rxb3 Bd4+ 40. Kf1
Bxc5 1/2-1/2

[Event "FIRST SATURDAY IM  MARCH 2013"]
[Site "Budapest"]
[Date "2013.02.06"]
[Round "4.1"]
[White "Keschitz, Gyorgy"]
[Black "Dolgener, Tobias"]
[Result "1/2-1/2"]
[WhiteElo "2223"]
[BlackElo "2220"]
[PlyCount "43"]
[EventDate "2012.02.02"]

1. e4 c5 2. Nf3 Nc6 3. d4 cxd4 4. Nxd4 Qb6 5. Nb3 Nf6 6. Nc3 e6 7. Bd3 a6 8.
O-O d6 9. Be3 Qc7 10. f4 Be7 11. Qf3 O-O 12. g4 b5 13. g5 Nd7 14. Ne2 Bb7 15.
Qh3 Nb4 16. Ned4 Nc5 17. Nxc5 dxc5 18. Nxe6 fxe6 19. Qxe6+ Kh8 20. a3 Bc8 21.
Qb3 c4 22. Qc3 1/2-1/2

[Event "FIRST SATURDAY IM  MARCH 2013"]
[Site "Budapest"]
[Date "2013.02.06"]
[Round "4.2"]
[White "Szeberenyi, Adam"]
[Black "Zhou, Guijue"]
[Result "1/2-1/2"]
[WhiteElo "2319"]
[BlackElo "2194"]
[PlyCount "118"]
[EventDate "2012.02.02"]

1. Nf3 g6 2. c4 Bg7 3. Nc3 d6 4. d4 Bg4 5. e3 Nf6 6. Be2 O-O 7. O-O Re8 8. Qc2
Nfd7 9. Rd1 Nc6 10. a3 e5 11. d5 Ne7 12. b4 f5 13. Bb2 Bxf3 14. Bxf3 e4 15. Be2
Ne5 16. Nb5 g5 17. c5 N7g6 18. Rac1 Re7 19. cxd6 cxd6 20. Nd4 Qf8 21. Ne6 Qf6
22. Bd4 h6 23. Rf1 Nf8 24. Nxg7 Rxg7 25. f3 exf3 26. Bxf3 Qg6 27. Be2 Rf7 28.
Qd1 g4 29. Bxe5 dxe5 30. e4 f4 31. Bxg4 Rg7 32. Bf3 Nh7 33. d6 Nf6 34. Rc7 Rd8
35. Qb3+ Kh7 36. Qe6 Ne8 37. Rxg7+ Qxg7 38. Rd1 Qf6 39. Qxf6 Nxf6 40. g3 fxg3
41. hxg3 Kg7 42. Kf2 Kf7 43. Bg2 Ne8 44. Rd5 Nf6 45. Rd1 Ne8 46. d7 Nf6 47. Bh3
Nxe4+ 48. Ke3 Nf6 49. Rc1 b6 50. Ke2 a5 51. Rc7 axb4 52. axb4 Ke7 53. Rc6 Nxd7
54. Bxd7 Kxd7 55. Rxb6 Rg8 56. Kf3 e4+ 57. Kxe4 Rxg3 58. Rxh6 Rg4+ 59. Kd5 Rxb4
1/2-1/2

[Event "FIRST SATURDAY IM  MARCH 2013"]
[Site "Budapest"]
[Date "2013.02.06"]
[Round "4.3"]
[White "Szalanczy, Emil"]
[Black "Balint, Vilmos"]
[Result "1/2-1/2"]
[WhiteElo "2237"]
[BlackElo "2240"]
[PlyCount "120"]
[EventDate "2012.02.02"]

1. e4 e5 2. Nf3 Nc6 3. Bb5 Nf6 4. O-O Bc5 5. Nxe5 Nxe5 6. d4 a6 7. Ba4 b5 8.
Bb3 Bxd4 9. Qxd4 d6 10. a4 c5 11. Qe3 c4 12. Ba2 Bb7 13. Nc3 O-O 14. b4 a5 15.
Ba3 Nfg4 16. Qg3 f5 17. f4 Qb6+ 18. Kh1 fxe4 19. axb5 Nxh2 20. Qxh2 Ng4 21.
bxa5 Rxa5 22. Bxc4+ Kh8 23. Qh5 Ne3 24. Nd5 Bxd5 25. Bxd5 Nxd5 26. Qxd5 Rxb5
27. Bc5 Rxc5 28. Ra8 Rd8 29. Rxd8+ Qxd8 30. Qxe4 d5 31. Qf5 Rc6 32. Rb1 Qe8 33.
Qe5 Qxe5 34. fxe5 Kg8 35. Rb5 Rxc2 36. Rxd5 Re2 37. Kh2 Re3 38. Kg1 Kf7 39. Ra5
Ke6 40. Ra7 Rg3 41. Kf2 Rg5 42. Kf3 Kxe5 43. g4 h6 44. Ra6 Kd4 45. Kf4 Kd3 46.
Re6 Rd5 47. Rg6 Rd7 48. g5 h5 49. Re6 Rd4+ 50. Kf5 h4 51. Re8 Rd6 52. Rh8 g6+
53. Ke5 Rd4 54. Rh6 Ke3 55. Rxg6 Re4+ 56. Kf5 Rf4+ 57. Ke5 Re4+ 58. Kf5 Rf4+
59. Ke5 Re4+ 60. Kf5 Rf4+ 1/2-1/2

[Event "FIRST SATURDAY IM  MARCH 2013"]
[Site "Budapest"]
[Date "2013.02.06"]
[Round "4.4"]
[White "Wittmann, Walter"]
[Black "Bai, Jinshi"]
[Result "0-1"]
[WhiteElo "2240"]
[BlackElo "2236"]
[PlyCount "86"]
[EventDate "2012.02.02"]

1. e4 e5 2. Nf3 Nc6 3. Nc3 Nf6 4. Bb5 Bd6 5. O-O O-O 6. d3 Re8 7. Ne2 Bf8 8. c4
a6 9. Ba4 Rb8 10. Nc3 d6 11. h3 g6 12. a3 Bg7 13. b4 Bd7 14. Be3 b6 15. Qd2 Nh5
16. Bg5 Ne7 17. Bb3 c5 18. Nd5 f6 19. Be3 Nxd5 20. cxd5 f5 21. Bg5 Qc8 22. Nh2
f4 23. Bd1 h6 24. Bxh5 gxh5 25. Bh4 Bxh3 26. f3 Bd7 27. Kf2 b5 28. Rac1 Qb7 29.
Rh1 a5 30. Ke2 axb4 31. axb4 Ra8 32. g3 c4 33. gxf4 exf4 34. Rhg1 Kh7 35. Qxf4
Qxd5 36. Rxg7+ Kxg7 37. Bf6+ Kh7 38. d4 Ra2+ 39. Ke3 Ra3+ 40. Kf2 Ra2+ 41. Ke3
Qf5 42. Qxd6 Rxe4+ 43. fxe4 Qf2# 0-1

[Event "FIRST SATURDAY IM  MARCH 2013"]
[Site "Budapest"]
[Date "2013.02.06"]
[Round "4.5"]
[White "Petran, Pal"]
[Black "To, Nhat Minh"]
[Result "1/2-1/2"]
[WhiteElo "2320"]
[BlackElo "2272"]
[PlyCount "37"]
[EventDate "2012.02.02"]

1. e4 c5 2. Nf3 e6 3. d4 cxd4 4. Nxd4 Nf6 5. Nc3 Nc6 6. Ndb5 d6 7. Bf4 e5 8.
Bg5 a6 9. Na3 b5 10. Bxf6 gxf6 11. Nd5 f5 12. Bxb5 axb5 13. Nxb5 Qa5+ 14. c3
Qa4 15. Nbc7+ Kd8 16. Nxa8 Qxa8 17. Nb6 Qb7 18. Nxc8 Qxc8 19. O-O 1/2-1/2

[Event "FIRST SATURDAY IM  MARCH 2013"]
[Site "Budapest"]
[Date "2013.02.07"]
[Round "5.1"]
[White "To, Nhat Minh"]
[Black "Keschitz, Gyorgy"]
[Result "1-0"]
[WhiteElo "2272"]
[BlackElo "2223"]
[PlyCount "47"]
[EventDate "2012.02.02"]

1. e4 c5 2. Nf3 e6 3. d4 cxd4 4. Nxd4 a6 5. Nc3 Qc7 6. Bd3 Nf6 7. O-O d6 8. a4
b6 9. f4 Bb7 10. Qe2 Nbd7 11. f5 e5 12. Nf3 Be7 13. Bg5 O-O 14. Nd2 d5 15. exd5
Bc5+ 16. Kh1 Bd4 17. Nce4 Nxe4 18. Nxe4 Bxb2 19. f6 g6 20. Bc1 Bxa1 21. Qe3 Kh8
22. Qh6 Rg8 23. Rf3 Bc8 24. Qxh7+ 1-0

[Event "FIRST SATURDAY IM  MARCH 2013"]
[Site "Budapest"]
[Date "2013.02.07"]
[Round "5.2"]
[White "Bai, Jinshi"]
[Black "Petran, Pal"]
[Result "1/2-1/2"]
[WhiteElo "2236"]
[BlackElo "2320"]
[PlyCount "57"]
[EventDate "2012.02.02"]

1. d4 Nf6 2. c4 e6 3. Nc3 Bb4 4. f3 O-O 5. e4 d5 6. cxd5 exd5 7. e5 Nfd7 8. f4
c5 9. Nf3 Nc6 10. a3 Ba5 11. Be3 cxd4 12. Nxd4 Ndb8 13. b4 Bb6 14. Be2 f6 15.
exf6 Re8 16. Bf2 Bg4 17. Nxc6 bxc6 18. O-O Bxe2 19. f7+ Kxf7 20. Nxe2 Kg8 21.
Rc1 a5 22. Bxb6 Qxb6+ 23. Qd4 Qxd4+ 24. Nxd4 axb4 25. axb4 Ra4 26. Nxc6 Nxc6
27. Rxc6 Rxb4 28. Rd6 Rd4 29. f5 1/2-1/2

[Event "FIRST SATURDAY IM  MARCH 2013"]
[Site "Budapest"]
[Date "2013.02.07"]
[Round "5.3"]
[White "Balint, Vilmos"]
[Black "Wittmann, Walter"]
[Result "0-1"]
[WhiteElo "2240"]
[BlackElo "2240"]
[PlyCount "124"]
[EventDate "2012.02.02"]

1. e4 c5 2. Nf3 Nc6 3. d4 cxd4 4. Nxd4 Nf6 5. Nc3 d6 6. Bc4 e6 7. Be3 Be7 8.
Bb3 O-O 9. O-O Nxd4 10. Bxd4 Bd7 11. f4 Bc6 12. Qd3 b5 13. e5 dxe5 14. fxe5 Nd7
15. Rad1 Nc5 16. Qg3 Nxb3 17. cxb3 Qc7 18. Rf4 Rad8 19. Rg4 g6 20. Ne2 Qb7 21.
Rc1 Be4 22. Qf4 Bf5 23. Rg3 Rd7 24. Rf3 Rfd8 25. Be3 Qe4 26. Qxe4 Bxe4 27. Rf2
a6 28. Nc3 Bb7 29. Rcf1 Bf8 30. Bg5 Rc8 31. Rd1 Rxd1+ 32. Nxd1 Rc5 33. Bf6 Bh6
34. Kf1 Rc1 35. Ke1 Be4 36. Ke2 Rc2+ 37. Ke1 Rxf2 38. Kxf2 Bc1 39. g4 Bb1 40.
Nc3 Bc2 41. Ke2 h6 42. h4 g5 43. h5 Bxb2 44. Kd2 Bh7 45. a4 Bxc3+ 46. Kxc3 bxa4
47. bxa4 Be4 48. Kb4 Bf3 49. Ka5 Be2 50. Kb6 Kh7 51. a5 Bxg4 52. Kxa6 Bxh5 53.
Kb5 Bf3 54. Kc5 Kg6 55. Kd4 Bb7 56. Ke3 Kf5 57. Kf2 Kf4 58. Kg1 Kg3 59. Be7 g4
60. Bc5 h5 61. Bf2+ Kh3 62. Be1 g3 0-1

[Event "FIRST SATURDAY IM  MARCH 2013"]
[Site "Budapest"]
[Date "2013.02.07"]
[Round "5.4"]
[White "Zhou, Guijue"]
[Black "Szalanczy, Emil"]
[Result "1-0"]
[WhiteElo "2194"]
[BlackElo "2237"]
[PlyCount "81"]
[EventDate "2012.02.02"]

1. e4 c5 2. Nf3 d6 3. c3 Nf6 4. h3 g6 5. Bd3 Bg7 6. Bc2 e5 7. O-O O-O 8. d3 Nc6
9. a3 b6 10. b4 Bb7 11. Bb2 a5 12. b5 Ne7 13. Re1 Nh5 14. d4 Nf4 15. dxe5 dxe5
16. Qxd8 Raxd8 17. c4 f6 18. Nc3 Nd3 19. Bxd3 Rxd3 20. Rad1 Rfd8 21. Nd5 Rxd1
22. Rxd1 Kf7 23. Bxe5 Bxd5 24. Bg3 Rd7 25. cxd5 a4 26. Nd2 f5 27. f3 Nxd5 28.
Nc4 fxe4 29. fxe4 Nf6 30. Ne5+ Ke6 31. Nxd7 Nxd7 32. Rd6+ Ke7 33. e5 Nxe5 34.
Bxe5 Bxe5 35. Rxb6 Kd7 36. Ra6 Kc7 37. Rxa4 Kb6 38. Re4 Bc3 39. a4 Ka5 40. Kf1
Bb4 41. Ke2 1-0

[Event "FIRST SATURDAY IM  MARCH 2013"]
[Site "Budapest"]
[Date "2013.02.08"]
[Round "6.1"]
[White "Keschitz, Gyorgy"]
[Black "Szeberenyi, Adam"]
[Result "0-1"]
[WhiteElo "2223"]
[BlackElo "2319"]
[PlyCount "84"]
[EventDate "2012.02.02"]

1. Nf3 Nf6 2. g3 g6 3. Bg2 Bg7 4. O-O O-O 5. d3 d5 6. c3 Nc6 7. Qc2 e5 8. e4 h6
9. b4 a6 10. a3 Be6 11. Nbd2 Kh7 12. Bb2 dxe4 13. dxe4 Nd7 14. Rad1 Qe8 15. c4
a5 16. b5 Nd4 17. Bxd4 exd4 18. Nb3 Nb6 19. c5 Nc4 20. Nbxd4 Nxa3 21. Qa4 Nc4
22. Nxe6 Qxe6 23. Nd4 Bxd4 24. Rxd4 Ne5 25. Rfd1 Qe7 26. f4 Ng4 27. Bf3 h5 28.
h3 Nh6 29. c6 bxc6 30. bxc6 Rfb8 31. Qc2 Qa3 32. R4d3 Qb4 33. g4 a4 34. g5 a3
35. gxh6 a2 36. Ra1 Qb1+ 37. Qd1 Rb2 38. e5 Rab8 39. Rd4 Qxa1 40. Qxa1 Rb1+ 41.
Rd1 Rxa1 42. Rxa1 Rb1+ 0-1

[Event "FIRST SATURDAY IM  MARCH 2013"]
[Site "Budapest"]
[Date "2013.02.08"]
[Round "6.3"]
[White "Wittmann, Walter"]
[Black "Zhou, Guijue"]
[Result "0-1"]
[WhiteElo "2240"]
[BlackElo "2194"]
[PlyCount "78"]
[EventDate "2012.02.02"]

1. e4 d6 2. d4 g6 3. Nf3 Bg7 4. Bc4 a6 5. O-O b5 6. Bb3 e6 7. Re1 Ne7 8. a4 b4
9. Nbd2 O-O 10. Nf1 Nd7 11. Ng3 c5 12. c3 bxc3 13. bxc3 Qc7 14. Bg5 Nc6 15. Qd2
Na5 16. Ba2 c4 17. h4 Nb6 18. Bh6 f6 19. Bxg7 Kxg7 20. h5 e5 21. Rab1 Ra7 22.
Red1 Bd7 23. dxe5 dxe5 24. h6+ Kh8 25. Qb2 Nxa4 26. Qb4 Nc5 27. Rd5 Rc8 28.
Rbd1 Be6 29. Rd6 Nab3 30. Bxb3 cxb3 31. Qa3 Rb7 32. Qb2 Rb6 33. Rxb6 Qxb6 34.
c4 Kg8 35. Nxe5 fxe5 36. Qxe5 Kf7 37. Rd6 Qc7 38. Qg7+ Ke8 39. Qd4 b2 0-1